Specialist Training in Cardiology (Record no. 1113)

MARC details
000 -LEADER
fixed length control field 00882cam a22003138a 4500
001 - CONTROL NUMBER
control field 13658601
003 - CONTROL NUMBER IDENTIFIER
control field OSt
005 - DATE AND TIME OF LATEST TRANSACTION
control field 20191126110520.0
008 - FIXED-LENGTH DATA ELEMENTS--GENERAL INFORMATION
fixed length control field 040719s2005 stk 001 0 eng
010 ## - LIBRARY OF CONGRESS CONTROL NUMBER
LC control number 2004055921
020 ## - INTERNATIONAL STANDARD BOOK NUMBER
International Standard Book Number 0723433216
035 ## - SYSTEM CONTROL NUMBER
System control number (DNLM)101224887
040 ## - CATALOGING SOURCE
Original cataloging agency DNLM/DLC
Transcribing agency DLC
042 ## - AUTHENTICATION CODE
Authentication code pcc
050 00 - LIBRARY OF CONGRESS CALL NUMBER
Classification number RC681
Item number .S778 2005
060 10 - NATIONAL LIBRARY OF MEDICINE CALL NUMBER
Classification number WG 120
Item number S741 2005
082 00 - DEWEY DECIMAL CLASSIFICATION NUMBER
Classification number WG100 S32h 2005
Edition number 22
100 ## - MAIN ENTRY--PERSONAL NAME
Personal name Edited by Purcell, Henry J.; Paul R. Kalra.
9 (RLIN) 13082
245 00 - TITLE STATEMENT
Title Specialist Training in Cardiology
260 ## - PUBLICATION, DISTRIBUTION, ETC. (IMPRINT)
Place of publication, distribution, etc. Edinburgh ;
Name of publisher, distributor, etc. Mosby,
Date of publication, distribution, etc. 2005.
263 ## - PROJECTED PUBLICATION DATE
Projected publication date 0501
300 ## - PHYSICAL DESCRIPTION
Extent p. ;
Dimensions cm.
500 ## - GENERAL NOTE
General note Includes index.
650 #0 - SUBJECT ADDED ENTRY--TOPICAL TERM
Topical term or geographic name as entry element Heart diagnosis
9 (RLIN) 3033
650 #0 - SUBJECT ADDED ENTRY--TOPICAL TERM
Topical term or geographic name as entry element Cardiology.
9 (RLIN) 3034
906 ## - LOCAL DATA ELEMENT F, LDF (RLIN)
a 7
b cbc
c orignew
d 1
e ocip
f 20
g y-gencatlg
942 ## - ADDED ENTRY ELEMENTS (KOHA)
Source of classification or shelving scheme Other/Generic Classification Scheme
Koha item type Short Loan
Holdings
Withdrawn status Lost status Source of classification or shelving scheme Damaged status Not for loan Home library Current library Date acquired Source of acquisition Inventory number Total Checkouts Full call number Barcode Date last seen Koha item type
    Other/Generic Classification Scheme     MUST Main Library MUST Main Library 26/02/2015 Purchase 07/28610   WG100 S32h 2005 2015-0410 26/02/2015 Short Loan